| 000 | 01126nam a22002657a 4500 | ||
|---|---|---|---|
| 001 | 9570 | ||
| 003 | FISKH | ||
| 005 | 20260123145138.0 | ||
| 008 | 260123b cb ||||| |||| 00| 0 eng d | ||
| 020 | _a9781398722774 | ||
| 040 |
_aFISKH _beng _cFISKH _dFISKH |
||
| 050 | _aPL873 .A342 .K6613 | ||
| 082 | _a890.00 | ||
| 100 |
_aMachida, Sonoko _eAuthor |
||
| 245 |
_aThe convenience store by the sea / _cSonoko Machida ; translated by Bruno Navasky |
||
| 260 |
_aLondon : _bOrion Fiction , _c2024 |
||
| 300 |
_a282 pages : _billustrations ; _c20 cm |
||
| 520 | _aA quaint seaside town in Kitakyushu, Mojiko is full of hidden delights. And one unexpected treasure is the 24/7 convenience store, Tenderness. Sure, it's a bit odd that the incredibly handsome manager has his own fan club. And perhaps the customers are somewhat eccentric, if not entertaining. But there's a warmth about the store that draws you in. | ||
| 650 |
_aRelationships _vSlice of life |
||
| 650 |
_aHeartwarming _vCozy |
||
| 650 |
_aJapanese literature _vTranslated |
||
| 700 |
_aNavasky, Bruno _eTranslator |
||
| 942 |
_2ddc _cBK _n0 |
||
| 999 |
_c9570 _d9570 |
||